[Event "5. Aberto Internacional Carlos I"]
[Site "Sanxenxo ESP"]
[Date "2013.06.29"]
[Round "8.1"]
[White "Strikovic, Aleksa"]
[Black "Garcia Castro, Pablo"]
[Result "1-0"]
[WhiteElo "2504"]
[BlackElo "2354"]
[PlyCount "79"]
[EventDate "2013.06.22"]
[EventType "swiss"]
[EventRounds "9"]
[EventCountry "ESP"]
[Source "lmi"]
[SourceDate "2013.06.22"]

1. e4 e5 2. Nf3 d6 3. d4 exd4 4. Nxd4 Nf6 5. Nc3 Be7 6. g3 O-O 7. Bg2 Nc6 8.
O-O Bd7 9. h3 Re8 10. Nde2 a5 11. g4 a4 12. Ng3 h6 13. f4 a3 14. b3 Nb4 15. Be3
c5 16. Qd2 Bf8 17. Nd1 Qa5 18. c3 Nc6 19. Nf2 Rad8 20. Rad1 Bc8 21. Rfe1 Be6
22. Qe2 Qc7 23. Bc1 Ra8 24. Bf3 b5 25. h4 b4 26. g5 hxg5 27. hxg5 Nh7 28. c4
Nd4 29. Qd3 g6 30. Bg2 Qc8 31. f5 Bd7 32. fxg6 fxg6 33. e5 Nf5 34. exd6 Ra7 35.
Rxe8 Bxe8 36. Nxf5 Qxf5 37. Bh3 Qxd3 38. Rxd3 Bd7 39. Bxd7 Rxd7 40. Ne4 1-0

[Event "5. Aberto Internacional Carlos I"]
[Site "Sanxenxo ESP"]
[Date "2013.06.29"]
[Round "8.2"]
[White "Paunovic, Dragan"]
[Black "Yakunin, Alexey"]
[Result "1-0"]
[WhiteElo "2495"]
[BlackElo "2353"]
[PlyCount "119"]
[EventDate "2013.06.22"]
[EventType "swiss"]
[EventRounds "9"]
[EventCountry "ESP"]
[Source "lmi"]
[SourceDate "2013.06.22"]

1. c4 Nf6 2. Nf3 g6 3. g3 Bg7 4. Bg2 O-O 5. O-O d6 6. d4 Nc6 7. Nc3 a6 8. h3
Bd7 9. e4 e5 10. d5 Nd4 11. Nxd4 exd4 12. Qxd4 Qc8 13. h4 Ng4 14. Qd1 Ne5 15.
b3 Nxc4 16. bxc4 Bxc3 17. Bh6 Re8 18. Rc1 Bb2 19. Rb1 Bh8 20. Kh2 b6 21. Qd2 f5
22. Rfe1 fxe4 23. Bxe4 Bf5 24. Qc2 Qd7 25. Bxf5 Qxf5 26. Qxf5 gxf5 27. Bd2 Bd4
28. Kg2 b5 29. Rbc1 Bc5 30. Kf3 Kf7 31. Be3 b4 32. Bxc5 dxc5 33. Kf4 Kf6 34. f3
h5 35. Rcd1 a5 36. Rxe8 Rxe8 37. d6 cxd6 38. Rxd6+ Re6 39. Rd5 a4 40. Rxf5+ Kg6
41. Rxc5 Rb6 42. Rg5+ Kh6 43. Ra5 b3 44. axb3 axb3 45. Ra1 Rb4 46. Kf5 Rxc4 47.
Ra6+ Kg7 48. Rb6 Rc5+ 49. Ke4 Rc3 50. Rb5 Kg6 51. g4 hxg4 52. h5+ Kh6 53. fxg4
b2 54. Kf4 Rc4+ 55. Kg3 Rc2 56. Rb6+ Kh7 57. Kh4 Rd2 58. Rb7+ Kg8 59. h6 Kh8
60. Kh5 1-0

[Event "5. Aberto Internacional Carlos I"]
[Site "Sanxenxo ESP"]
[Date "2013.06.29"]
[Round "8.3"]
[White "Aagaard, Jacob"]
[Black "Solomons, Deon"]
[Result "1-0"]
[WhiteElo "2519"]
[BlackElo "2179"]
[PlyCount "63"]
[EventDate "2013.06.22"]
[EventType "swiss"]
[EventRounds "9"]
[EventCountry "ESP"]
[Source "lmi"]
[SourceDate "2013.06.22"]

1. d4 Nf6 2. c4 g6 3. Nf3 Bg7 4. g3 O-O 5. Bg2 d6 6. O-O Nbd7 7. Nc3 e5 8. e4
exd4 9. Nxd4 Re8 10. h3 a6 11. a4 Ne5 12. b3 c5 13. Nde2 h6 14. Ra2 Bf8 15. Rd2
Qa5 16. Bb2 Nfd7 17. Kh2 Rb8 18. f4 Nc6 19. Ba1 Nb4 20. e5 dxe5 21. f5 g5 22.
Ne4 Qb6 23. N2c3 Be7 24. Nd6 Nf6 25. Nxe8 Nxe8 26. Ne4 Nc6 27. f6 Bf8 28. Qh5
Nd4 29. Bxd4 cxd4 30. Nxg5 Be6 31. Nxe6 Qxe6 32. Bd5 1-0

[Event "5. Aberto Internacional Carlos I"]
[Site "Sanxenxo ESP"]
[Date "2013.06.29"]
[Round "8.4"]
[White "Santos Latasa, Jaime"]
[Black "Pazos Porta, Antonio"]
[Result "1-0"]
[WhiteElo "2418"]
[BlackElo "2334"]
[PlyCount "139"]
[EventDate "2013.06.22"]
[EventType "swiss"]
[EventRounds "9"]
[EventCountry "ESP"]
[Source "lmi"]
[SourceDate "2013.06.22"]

1. d4 Nf6 2. Nf3 g6 3. Bg5 Bg7 4. Nbd2 d5 5. e3 c5 6. c3 Qb6 7. Qb3 O-O 8. Be2
Nc6 9. O-O Be6 10. Bf4 Qxb3 11. axb3 Ne4 12. dxc5 Nxc5 13. Nd4 Bd7 14. b4 Nxd4
15. exd4 Ne6 16. Be3 Nc7 17. Rfe1 Rfe8 18. Bf4 Ne6 19. Bg3 Bh6 20. Nb3 a6 21.
Bf3 Bc6 22. Na5 Ra7 23. Nxc6 bxc6 24. Be2 Rea8 25. Ra5 Bf4 26. Bxf4 Nxf4 27.
Bf1 Ne6 28. Rea1 Kf8 29. Bxa6 Rc7 30. f3 Ke8 31. Bf1 Rxa5 32. bxa5 Kd7 33. b4
Ra7 34. g3 Nc7 35. Kf2 Kd6 36. Ke3 f6 37. c4 dxc4 38. Bxc4 Rb7 39. Ra4 Ra7 40.
f4 e6 41. Ke4 Kd7 42. g4 Kd6 43. Kd3 Kd7 44. g5 f5 45. Ra2 Kd6 46. Kc3 Rb7 47.
Re2 Ra7 48. Re3 Rb7 49. h4 Ra7 50. Rh3 Ne8 51. h5 gxh5 52. Rxh5 Rb7 53. Rh6 Re7
54. a6 Nc7 55. Kb3 Na8 56. Rf6 Nb6 57. Rf8 Ra7 58. Rd8+ Kc7 59. Re8 Nxc4 60.
Kxc4 Rxa6 61. Rxe6 Ra1 62. Re5 Rc1+ 63. Kd3 Rd1+ 64. Ke3 Rb1 65. Rxf5 Rxb4 66.
Rf7+ Kd6 67. Rxh7 Kd5 68. f5 Rb3+ 69. Kf4 Kxd4 70. Rd7+ 1-0

[Event "5. Aberto Internacional Carlos I"]
[Site "Sanxenxo ESP"]
[Date "2013.06.29"]
[Round "8.5"]
[White "Iagar, Razvan-Gabriel"]
[Black "Lariño Nieto, David"]
[Result "1/2-1/2"]
[WhiteElo "2190"]
[BlackElo "2501"]
[PlyCount "157"]
[EventDate "2013.06.22"]
[EventType "swiss"]
[EventRounds "9"]
[EventCountry "ESP"]
[Source "lmi"]
[SourceDate "2013.06.22"]

1. d4 d6 2. Nf3 g6 3. c4 Bg7 4. g3 Nd7 5. Nc3 e5 6. Bg2 Ne7 7. O-O O-O 8. e4
exd4 9. Nxd4 Ne5 10. b3 N7c6 11. Nde2 h5 12. f4 Nd7 13. h3 Nc5 14. Be3 a5 15.
a3 Re8 16. Qc2 Bd7 17. Rad1 Qc8 18. Kh2 b6 19. Bf2 f5 20. exf5 gxf5 21. Bf3 h4
22. gxh4 Ne4 23. Nxe4 fxe4 24. Bxe4 Re7 25. Nd4 Qe8 26. Bxc6 Bxc6 27. Nxc6 Qxc6
28. Qd3 Qe4 29. Bg3 Qxd3 30. Rxd3 Rae8 31. Kg2 Kf7 32. Kf3 Re4 33. Bf2 a4 34.
Rc1 axb3 35. Rxb3 Re2 36. Re3 R8xe3+ 37. Bxe3 Ra2 38. Ke4 Rxa3 39. Bd4 Bh6 40.
Ra1 Ra5 41. f5 c6 42. h5 Bg5 43. Bc3 Rc5 44. Ra7+ Ke8 45. Kd3 Rxf5 46. Rc7 Rf3+
47. Kc2 Bd8 48. Rh7 Be7 49. h6 Rxh3 50. Rh8+ Kd7 51. Bg7 d5 52. cxd5 cxd5 53.
h7 b5 54. Bd4 b4 55. Bg7 Ke6 56. Bd4 Kf7 57. Be5 Rh5 58. Bd4 Rh2+ 59. Kb3 Rh4
60. Be5 Rh3+ 61. Kc2 Ke6 62. Bg7 Kd7 63. Bd4 Bd6 64. Bf6 Bc7 65. Bd4 Kc6 66.
Bg7 Kb7 67. Bd4 Kc6 68. Bg7 Kb6 69. Kb2 Kb7 70. Kc2 Bb6 71. Be5 Ba7 72. Bg7 d4
73. Be5 d3+ 74. Kd2 Ka6 75. Rb8 Rxh7 76. Rxb4 Re7 77. Bf4 Ka5 78. Rb3 Bc5 79.
Kxd3 1/2-1/2

[Event "5. Aberto Internacional Carlos I"]
[Site "Sanxenxo ESP"]
[Date "2013.06.29"]
[Round "8.6"]
[White "Blazquez Lopez, Berna"]
[Black "Khamrakulov, Ibragim S"]
[Result "0-1"]
[WhiteElo "2118"]
[BlackElo "2484"]
[PlyCount "50"]
[EventDate "2013.06.22"]
[EventType "swiss"]
[EventRounds "9"]
[EventCountry "ESP"]
[Source "lmi"]
[SourceDate "2013.06.22"]

1. d4 Nf6 2. Nf3 e6 3. c4 b6 4. g3 Bb7 5. Bg2 Bb4+ 6. Nbd2 c5 7. dxc5 Bxc5 8.
O-O O-O 9. a3 a5 10. b3 Qe7 11. Bb2 d5 12. Ne5 Rd8 13. Qc2 dxc4 14. Ndxc4 Bxg2
15. Kxg2 Qb7+ 16. Kg1 Ne4 17. Nd3 Nd7 18. Nxc5 Ndxc5 19. Rad1 Rdc8 20. a4 b5
21. axb5 a4 22. b4 Nb3 23. f3 Ned2 24. Qc3 f6 25. Qe3 Nxc4 0-1

[Event "5. Aberto Internacional Carlos I"]
[Site "Sanxenxo ESP"]
[Date "2013.06.29"]
[Round "8.7"]
[White "Gomez Dieguez, David"]
[Black "Guerra Bastida, Diego"]
[Result "0-1"]
[WhiteElo "2101"]
[BlackElo "2374"]
[PlyCount "116"]
[EventDate "2013.06.22"]
[EventType "swiss"]
[EventRounds "9"]
[EventCountry "ESP"]
[Source "lmi"]
[SourceDate "2013.06.22"]

1. e4 d6 2. d4 Nf6 3. Nc3 g6 4. f3 a6 5. Be3 b5 6. e5 b4 7. exf6 bxc3 8. bxc3
exf6 9. Bd3 Bg7 10. Ne2 O-O 11. Qd2 f5 12. Bg5 Bf6 13. Bxf6 Qxf6 14. O-O Nd7
15. a4 a5 16. Bb5 Nb6 17. c4 Be6 18. Qc3 Bd7 19. Bxd7 Nxd7 20. Rab1 Nb6 21. c5
Nd5 22. Qb3 Nf4 23. Nxf4 Qxd4+ 24. Kh1 Qxf4 25. Qd5 Qxa4 26. Rb7 c6 27. Qxd6
Rad8 28. Qf6 Qc4 29. Ra1 Qxc2 30. h3 Rd2 31. Qg5 Rd5 32. Rxa5 Rxc5 33. Raa7
Qd1+ 34. Kh2 Qd6+ 35. Qg3 Qf6 36. Qc7 Kg7 37. Ra6 Qe6 38. Qe7 Qc4 39. Ra4 Qxa4
40. Qxc5 Qf4+ 41. Kh1 Rd8 42. Qc3+ Qd4 43. Qxd4+ Rxd4 44. Rc7 Rc4 45. Kg1 Rc2
46. Rc8 f4 47. Rc7 h5 48. h4 Kf6 49. Rd7 c5 50. Rc7 Ke6 51. Ra7 Rd2 52. Ra6+
Rd6 53. Ra4 Rc6 54. Rxf4 c4 55. Re4+ Kd5 56. Re1 c3 57. Kf2 c2 58. Rc1 Kd4 0-1

[Event "5. Aberto Internacional Carlos I"]
[Site "Sanxenxo ESP"]
[Date "2013.06.29"]
[Round "8.8"]
[White "Rey Malde, Henrique"]
[Black "Sanchez Aller, Fernando"]
[Result "0-1"]
[WhiteElo "1960"]
[BlackElo "2335"]
[PlyCount "122"]
[EventDate "2013.06.22"]
[EventType "swiss"]
[EventRounds "9"]
[EventCountry "ESP"]
[Source "lmi"]
[SourceDate "2013.06.22"]

1. e4 d6 2. d4 g6 3. c4 Bg7 4. Nc3 Nd7 5. h3 e5 6. d5 Ne7 7. Bd3 O-O 8. g4 f5
9. gxf5 gxf5 10. Bg5 Nc5 11. Bc2 Qe8 12. Qd2 Ng6 13. Be3 Nxe4 14. Nxe4 fxe4 15.
Bxe4 Bf5 16. Bxf5 Rxf5 17. Ne2 e4 18. Ng3 Rf7 19. Qc2 Nf4 20. Bxf4 Rxf4 21.
O-O-O e3 22. Rhf1 Qe5 23. Rde1 Rf3 24. Re2 Raf8 25. Ne4 R8f4 26. Nc3 Rxc4 27.
Qd3 Rcf4 28. Rxe3 Rxe3 29. fxe3 Rxf1+ 30. Qxf1 Qxe3+ 31. Kc2 Bxc3 32. bxc3 Qe4+
33. Kb2 Qxd5 34. Qg1+ Kf7 35. Qxa7 Ke6 36. Qb8 Kd7 37. Qa7 Kc6 38. Qe3 h5 39.
Qe8+ Kb6 40. Qe3+ Qc5 41. Qf4 Ka5 42. Qf3 c6 43. Qf8 Qb5+ 44. Kc2 Qe2+ 45. Kb3
Qd1+ 46. Kb2 Kb5 47. Qf5+ d5 48. Qf8 Qe2+ 49. Kb3 Qc4+ 50. Kb2 d4 51. Qf5+ Kb6
52. cxd4 Qxd4+ 53. Kb1 h4 54. Qg5 Qb4+ 55. Ka1 Qc3+ 56. Kb1 Qxh3 57. Qd8+ Kb5
58. Qg5+ Ka6 59. Qc5 Qd3+ 60. Kc1 h3 61. Qf8 h2 0-1

[Event "5. Aberto Internacional Carlos I"]
[Site "Sanxenxo ESP"]
[Date "2013.06.29"]
[Round "8.9"]
[White "Rodriguez Lopez, Rafael"]
[Black "Campos Calvo-Sotelo, Juan"]
[Result "1-0"]
[WhiteElo "2251"]
[BlackElo "1966"]
[PlyCount "119"]
[EventDate "2013.06.22"]
[EventType "swiss"]
[EventRounds "9"]
[EventCountry "ESP"]
[Source "lmi"]
[SourceDate "2013.06.22"]

1. e4 e6 2. d4 a6 3. Be3 b5 4. Nd2 Nf6 5. a4 b4 6. Bd3 d6 7. Ngf3 Nbd7 8. O-O
Be7 9. h3 c5 10. c3 cxd4 11. cxd4 Bb7 12. a5 h6 13. Re1 O-O 14. Bf4 Re8 15. Qe2
Nf8 16. Nf1 Ng6 17. Bd2 e5 18. d5 Nf4 19. Bxf4 exf4 20. Qd2 Nh5 21. Qxb4 Rb8
22. Qa3 Bf6 23. N1d2 Bc8 24. Nc4 g5 25. Qxd6 g4 26. Qxd8 Rxd8 27. hxg4 Bxg4 28.
Nfe5 Bd7 29. Nxd7 Rxd7 30. Be2 f3 31. Bxf3 Nf4 32. e5 Bd8 33. d6 Nd3 34. Re2
Nb4 35. Be4 Rb5 36. g3 Kg7 37. Kg2 Rc5 38. b3 Nc6 39. Bxc6 Rxc6 40. f4 Rc5 41.
f5 Rb7 42. e6 Kf8 43. e7+ Bxe7 44. dxe7+ Rxe7 45. Rxe7 Kxe7 46. g4 h5 47. gxh5
Rxf5 48. Rh1 Rg5+ 49. Kf3 Kf8 50. h6 Kg8 51. h7+ Kh8 52. Rh6 Rb5 53. Rb6 Rh5
54. Kg4 Rxh7 55. Rxa6 Rg7+ 56. Kf5 Rg3 57. Rb6 Kg7 58. a6 Rg1 59. a7 Ra1 60.
Rb7 1-0

[Event "5. Aberto Internacional Carlos I"]
[Site "Sanxenxo ESP"]
[Date "2013.06.29"]
[Round "8.10"]
[White "Rodriguez Dominguez, Miguel"]
[Black "Patiño Romaris, Juan Roberto"]
[Result "0-1"]
[WhiteElo "1690"]
[BlackElo "2212"]
[PlyCount "114"]
[EventDate "2013.06.22"]
[EventType "swiss"]
[EventRounds "9"]
[EventCountry "ESP"]
[Source "lmi"]
[SourceDate "2013.06.22"]

1. d4 Nf6 2. Nf3 g6 3. g3 Bg7 4. Bg2 O-O 5. O-O d6 6. a4 c6 7. b3 Bf5 8. Bb2
Qc8 9. Re1 Na6 10. c3 Bh3 11. Bh1 Ne4 12. Nbd2 Nxd2 13. Qxd2 Nc7 14. e4 Rb8 15.
Qc2 Bg4 16. Rad1 Re8 17. c4 Ne6 18. d5 Bxb2 19. Qxb2 Nc5 20. e5 cxd5 21. Rxd5
Qc7 22. Nd2 Bf5 23. Ne4 Bxe4 24. Bxe4 dxe5 25. Qxe5 Qxe5 26. Rxe5 Nxb3 27. Rb1
Nd2 28. Rxb7 Rxb7 29. Bxb7 Nxc4 30. Rc5 Rb8 31. Bc6 Rb4 32. Bd5 Nb6 33. a5 Nxd5
34. Rxd5 Ra4 35. Kg2 Kg7 36. f4 Ra2+ 37. Kf3 Kf6 38. g4 Ke6 39. Rb5 Kd6 40. f5
g5 41. Kg3 Ra3+ 42. Kf2 f6 43. Kg2 h6 44. Rb8 Rxa5 45. Rh8 Ke5 46. Rh7 Kf4 47.
Rxh6 Kxg4 48. Rh7 Re5 49. Rh8 Kxf5 50. h4 gxh4 51. Rxh4 Kg5 52. Ra4 a5 53. Kf3
Rb5 54. Rg4+ Kf5 55. Rf4+ Ke6 56. Re4+ Kd6 57. Rd4+ Rd5 0-1

[Event "5. Aberto Internacional Carlos I"]
[Site "Sanxenxo ESP"]
[Date "2013.06.30"]
[Round "9.2"]
[White "Santos Latasa, Jaime"]
[Black "Paunovic, Dragan"]
[Result "1/2-1/2"]
[WhiteElo "2418"]
[BlackElo "2495"]
[PlyCount "58"]
[EventDate "2013.06.22"]
[EventType "swiss"]
[EventRounds "9"]
[EventCountry "ESP"]
[Source "lmi"]
[SourceDate "2013.06.22"]

1. d4 d6 2. Nf3 Nf6 3. c4 g6 4. Nc3 Bg7 5. e4 O-O 6. Be2 e5 7. O-O Nbd7 8. Re1
c6 9. Bf1 a5 10. Rb1 Re8 11. d5 Nc5 12. b3 Bd7 13. Bg5 h6 14. dxc6 Bxc6 15.
Bxf6 Bxf6 16. Qd2 Kg7 17. Nd5 Bxd5 18. Qxd5 Qb6 19. Qd2 Qc6 20. Qc2 Ne6 21. g3
Ng5 22. Nxg5 Bxg5 23. Rbd1 Bd8 24. c5 Bb6 25. Rxd6 Qxc5 26. Qxc5 Bxc5 27. Rd7
Re7 28. Red1 Rae8 29. R1d5 Rxd7 1/2-1/2

[Event "5. Aberto Internacional Carlos I"]
[Site "Sanxenxo ESP"]
[Date "2013.06.30"]
[Round "9.4"]
[White "Guerra Bastida, Diego"]
[Black "Rodriguez Lopez, Rafael"]
[Result "1/2-1/2"]
[WhiteElo "2374"]
[BlackElo "2251"]
[PlyCount "63"]
[EventDate "2013.06.22"]
[EventType "swiss"]
[EventRounds "9"]
[EventCountry "ESP"]
[Source "lmi"]
[SourceDate "2013.06.22"]

1. e4 e5 2. Nf3 Nc6 3. Bb5 a6 4. Ba4 Nf6 5. O-O b5 6. Bb3 Bc5 7. a4 Rb8 8. axb5
axb5 9. c3 d6 10. d4 Bb6 11. Be3 O-O 12. h3 h6 13. dxe5 Nxe5 14. Nxe5 dxe5 15.
Bxb6 Rxb6 16. Qxd8 Rxd8 17. Bc2 Be6 18. f3 Rbb8 19. Rd1 c6 20. Nd2 Ra8 21. Rxa8
Rxa8 22. Bb3 Bxb3 23. Nxb3 Kf8 24. Kf2 Ke7 25. Ke3 Nd7 26. Ra1 Rxa1 27. Nxa1
Nb6 28. b3 Kd6 29. Nc2 Nd7 30. Ne1 Nc5 31. b4 Ne6 32. Nd3 1/2-1/2

[Event "5. Aberto Internacional Carlos I"]
[Site "Sanxenxo ESP"]
[Date "2013.06.30"]
[Round "9.5"]
[White "Garcia Castro, Pablo"]
[Black "Patiño Romaris, Juan Roberto"]
[Result "1-0"]
[WhiteElo "2354"]
[BlackElo "2212"]
[PlyCount "101"]
[EventDate "2013.06.22"]
[EventType "swiss"]
[EventRounds "9"]
[EventCountry "ESP"]
[Source "lmi"]
[SourceDate "2013.06.22"]

1. c4 e5 2. g3 d6 3. Bg2 g6 4. Nc3 Bg7 5. d3 Nc6 6. e4 Be6 7. Nge2 h5 8. h4 Nh6
9. Nd5 Ng4 10. f3 Nh6 11. Qb3 Rb8 12. Be3 O-O 13. Qc3 f5 14. Qd2 Kh7 15. Rc1
Rf7 16. b4 a6 17. a4 Ra8 18. Rb1 a5 19. b5 Bxd5 20. cxd5 Nb4 21. Rc1 Rc8 22.
Ng1 f4 23. gxf4 exf4 24. Bf2 Ng4 25. fxg4 hxg4 26. Nf3 gxf3 27. Bxf3 Qh8 28.
Rc4 Re8 29. Kd1 Bh6 30. Bd4 Re5 31. Qc3 Qd8 32. Bxe5 dxe5 33. Ke2 Bg7 34. h5 g5
35. h6 Bh8 36. Bg4 Re7 37. Bf5+ Kg8 38. Rg1 Bf6 39. h7+ Kh8 40. b6 c6 41. dxc6
Nxc6 42. Rxc6 bxc6 43. Qxc6 Rf7 44. b7 Rf8 45. Rb1 f3+ 46. Kd2 g4 47. b8=Q Bg5+
48. Kc2 Qxb8 49. Rxb8 Rxb8 50. Qc7 Re8 51. Qf7 1-0

[Event "5. Aberto Internacional Carlos I"]
[Site "Sanxenxo ESP"]
[Date "2013.06.30"]
[Round "9.6"]
[White "Lariño Nieto, David"]
[Black "Solomons, Deon"]
[Result "1-0"]
[WhiteElo "2501"]
[BlackElo "2179"]
[PlyCount "93"]
[EventDate "2013.06.22"]
[EventType "swiss"]
[EventRounds "9"]
[EventCountry "ESP"]
[Source "lmi"]
[SourceDate "2013.06.22"]

1. b3 d6 2. Bb2 Nd7 3. g3 Ngf6 4. Bg2 g6 5. e4 e5 6. Ne2 Bg7 7. O-O O-O 8. f4
Qe7 9. f5 Nc5 10. d3 a5 11. h3 h5 12. Bc1 Nh7 13. Nd2 Bd7 14. Qe1 Kh8 15. g4
Bf6 16. Nf3 gxf5 17. gxf5 Rg8 18. Kh2 d5 19. Ng3 dxe4 20. dxe4 Bc6 21. Ba3 b5
22. Nxh5 b4 23. Bb2 Nxe4 24. Nxf6 Nexf6 25. Qxe5 Qf8 26. Qf4 Qg7 27. Rg1 Rae8
28. Bf1 Ng4+ 29. Rxg4 Qxb2 30. Qd4+ Qxd4 31. Nxd4 Be4 32. Re1 Nf6 33. Rh4+ Kg7
34. Bb5 c6 35. Rg1+ Kf8 36. Rxg8+ Kxg8 37. Bxc6 Bxc6 38. Nxc6 Re2+ 39. Kg1 Rxc2
40. Nxa5 Rc1+ 41. Kg2 Rc5 42. Nb7 Rc2+ 43. Kf3 Rxa2 44. Rxb4 Nd5 45. Rd4 Ra3
46. Nc5 Nf6 47. Ra4 1-0

[Event "5. Aberto Internacional Carlos I"]
[Site "Sanxenxo ESP"]
[Date "2013.06.30"]
[Round "9.8"]
[White "Pazos Porta, Antonio"]
[Black "Gomez Dieguez, Adrian"]
[Result "1-0"]
[WhiteElo "2334"]
[BlackElo "1945"]
[PlyCount "111"]
[EventDate "2013.06.22"]
[EventType "swiss"]
[EventRounds "9"]
[EventCountry "ESP"]
[Source "lmi"]
[SourceDate "2013.06.22"]

1. d4 Nc6 2. Nf3 d5 3. Nbd2 Nf6 4. g3 Bf5 5. c3 h6 6. Bg2 e6 7. O-O Bd6 8. c4
Qd7 9. a3 a5 10. b3 O-O 11. Bb2 Rfe8 12. Ne5 Qd8 13. Nxc6 bxc6 14. c5 Bf8 15.
b4 axb4 16. axb4 Rxa1 17. Qxa1 Qb8 18. Qa4 e5 19. dxe5 Nd7 20. Bc3 Nxe5 21. Ra1
Qd8 22. Bd4 Qd7 23. e3 Bd3 24. Bxe5 Rxe5 25. Nf3 Re8 26. Nd4 g6 27. Qxc6 Qxc6
28. Nxc6 Bg7 29. Rd1 Bb5 30. Bxd5 Kf8 31. Nd4 Rb8 32. Rb1 Bd3 33. Rb3 Ba6 34.
Nc6 Ra8 35. b5 Bc8 36. Kg2 Ra1 37. b6 cxb6 38. cxb6 Bb7 39. Nb4 Ra8 40. Bxb7
Rb8 41. Na6 Rxb7 42. Nc5 Re7 43. b7 Be5 44. b8=Q+ Bxb8 45. Rxb8+ Kg7 46. Kf3
Rc7 47. Nd3 Ra7 48. e4 Ra3 49. Ke3 Ra4 50. Rb7 Kf6 51. e5+ Kg7 52. e6 Ra6 53.
exf7 Re6+ 54. Kd4 Rf6 55. Ne5 Rxf2 56. Rb8 1-0

[Event "5. Aberto Internacional Carlos I"]
[Site "Sanxenxo ESP"]
[Date "2013.06.30"]
[Round "9.9"]
[White "Sanchez Quiroga, Miguel Angel"]
[Black "Blazquez Lopez, Berna"]
[Result "1/2-1/2"]
[WhiteElo "2156"]
[BlackElo "2118"]
[PlyCount "88"]
[EventDate "2013.06.22"]
[EventType "swiss"]
[EventRounds "9"]
[EventCountry "ESP"]
[Source "lmi"]
[SourceDate "2013.06.22"]

1. e4 c6 2. d4 d5 3. exd5 cxd5 4. c4 Nf6 5. Nc3 e6 6. Nf3 Be7 7. cxd5 Nxd5 8.
Bd3 Nc6 9. O-O O-O 10. Re1 Nf6 11. a3 b6 12. Bg5 Bb7 13. Bc2 Rc8 14. Qd3 g6 15.
h4 Re8 16. Rad1 a6 17. Bxf6 Bxf6 18. h5 Ne7 19. hxg6 hxg6 20. Ne5 Nf5 21. Qe2
Nh4 22. Be4 Qe7 23. Bxb7 Qxb7 24. Ne4 Bg7 25. g3 Nf5 26. Qf3 Qe7 27. Qd3 Red8
28. Qxa6 Qc7 29. Ng5 Ra8 30. Qe2 Nxd4 31. Rxd4 Rxd4 32. Nxg6 Rd5 33. Nxe6 Qd6
34. Nxg7 Qxg6 35. Ne8 Rad8 36. Qe7 Rd1 37. Nf6+ Kg7 38. Ne8+ Kg8 39. Nf6+ Kh8
40. Kg2 Rxe1 41. Qxd8+ Kg7 42. Ne8+ Kf8 43. Nd6+ Kg7 44. Ne8+ Kf8 1/2-1/2

[Event "5. Aberto Internacional Carlos I"]
[Site "Sanxenxo ESP"]
[Date "2013.06.30"]
[Round "9.10"]
[White "Iturbide Arnedo, Oscar"]
[Black "Rey Malde, Henrique"]
[Result "1-0"]
[WhiteElo "2163"]
[BlackElo "1960"]
[PlyCount "95"]
[EventDate "2013.06.22"]
[EventType "swiss"]
[EventRounds "9"]
[EventCountry "ESP"]
[Source "lmi"]
[SourceDate "2013.06.22"]

1. d4 Nf6 2. Bg5 Ne4 3. Bf4 e5 4. Bxe5 Nc6 5. Nf3 d5 6. c3 f6 7. Bg3 Bd6 8.
Nfd2 Bxg3 9. hxg3 Nd6 10. e3 Bf5 11. Qb3 Ne7 12. c4 O-O 13. cxd5 Qe8 14. Nc3
Qg6 15. e4 Rfe8 16. O-O-O Bd7 17. Be2 Qg5 18. Kb1 Kh8 19. Rh5 Qg6 20. Rh2 Qg5
21. Nf3 Qg6 22. Bd3 f5 23. Ne5 Qf6 24. Nxd7 Qxd4 25. Bc2 Qxf2 26. Ne5 Qxg3 27.
Nf3 b5 28. Rdh1 h6 29. e5 Nc4 30. Qb4 Qf2 31. Nd1 Qb6 32. Qe1 Nxd5 33. Bxf5 b4
34. Bc2 Nc3+ 35. Nxc3 bxc3 36. Qxc3 Rab8 37. b3 Ne3 38. Qd3 Nxc2 39. Qxc2 Re6
40. Ng5 Rg6 41. Nf7+ Kg8 42. Nd6 Rg5 43. Qc4+ Kh7 44. Qf7 Rg6 45. Nf5 Kh8 46.
e6 Qxe6 47. Rxh6+ gxh6 48. Rxh6+ 1-0